00286nam a2200109Ia 4500008004000000082001300040100001900053245003400072260003400106300001200140650002400152210210b1975 xxu||||| |||| 00| 0 eng d a546 AGRA aAGRAWAL (O P). aAdvanced inorganic chemistry. aN DbDhanpat Rai & sonsc1975 axii,333 aInorganic Chemistry